00780nam a22002177a 4500003000500000005001700005008004100022010001000063011001000073035001000083040000900093100003300102245017800135260004000313300001000353502009600363650002000459650001600479650003000495650003700525CHAP20220329134456.0971013s1972 r 00010 d a20917 a21889 a25980 cCHAP00aBonilla Reyes, Miguel Angel. aAplicación de 2- (4 Tiazolil) Bencimidazol (TBZ) para control del Phymatotrichum omnivorum causante de la pudrición texana del algodón, bajo condiciones de invernadero aMonterrey, N. L. :bEl autor,c1972 a52 h. aTesis (Ing. Agr. Fitotecnista) -- ITESM. División de Ciencias Agropecuarias y Marítimas14aBenzimidazoles.14aFungicidas.14aPhymatotrichum omnivorum.14aPudrición texana de la raíz.